Ιστορικό αρχείο ελληνικής νεολαίας = Historical Archive of Greek youth μελέτες, τεκμήρια, συνέδρια για την ιστορία της παιδικής ηλικίας και της νεότητας ; 34 ψηφιοποιημένα βιβλία = 34 digitiliged books
Ερευνητικό και εκδοτικό πρόγραμμα της Γενικής Γραμματείας Νέας Γενιάς (1983-1989, 1994-2003). Το ΙΑΕΝ προσεγγίζει την ιστορική διάσταση της έννοιας νεολαία και συμβάλλει στο να προσδιοριστεί η ταυτότητα της ελληνικής νεολαίας μέσω της διερεύνησης των μηχανισμών που καθορίζουν τη σχέση των νέων γενιώ...
Αποθηκεύτηκε σε:
| Συγγραφή απο Οργανισμό/Αρχή: | |
|---|---|
| Μορφή: | Ηλεκτρονική πηγή |
| Γλώσσα: | Greek |
| Δημοσίευση: |
Αθήνα :
Κέντρο Νεοελληνικών Ερευνών Εθνικού Ιδρύματος Ερευνών,
2003.
|
| Θέματα: | |
| Ετικέτες: |
Προσθήκη ετικέτας
Δεν υπάρχουν, Καταχωρήστε ετικέτα πρώτοι!
|
MARC
| LEADER | 00000cmm a2200000 a 4500 | ||
|---|---|---|---|
| 001 | 1/41364 | ||
| 008 | 200324s2003####gr | | | gre|| | ||
| 024 | 8 | |a IFPI K5 A-1508 | |
| 035 | |l 10087066 | ||
| 040 | |a GR-MyUa |b gre |c GR-MyUa |e AACR2 | ||
| 041 | 0 | |a gre |g eng | |
| 082 | 7 | |a 305.2309495 |2 (23) | |
| 110 | 2 | |a Ιστορικό Αρχείο Ελληνικής Νεολαίας. | |
| 245 | 1 | 0 | |a Ιστορικό αρχείο ελληνικής νεολαίας = Historical Archive of Greek youth |h [αρχείο Η/Υ] : |b μελέτες, τεκμήρια, συνέδρια για την ιστορία της παιδικής ηλικίας και της νεότητας ; 34 ψηφιοποιημένα βιβλία = 34 digitiliged books / |c Γενική Γραμματεία Νέας Γενιάς = General Secretariat for youth ; επιτροπή ΙΑΕΝ = IAEN committee : Σπύρος Ι. Ασδράχας ... [και ά.]. |
| 246 | 1 | |i Παράλληλος τίτλος: |a Historical archive of Greek youth : |b 34 digitiliged books ; studies, documentation, symposia towards a history of childhood and youth | |
| 260 | |a Αθήνα : |b Κέντρο Νεοελληνικών Ερευνών Εθνικού Ιδρύματος Ερευνών, |c 2003. | ||
| 300 | |a 1 οπτική δισκέτα λέϊζερ Η/Υ : |b έγχρ. ; |e 4 3/4 ίν. | ||
| 500 | |a Μελέτες, τεκμήρια, συνέδρια για την Ιστορία της παιδικής ηλικίας και της νεότητας. Παρουσίαση του ερευνητικού-εκδοτικού προγράμματος 1983-1989, 1994-2003. | ||
| 520 | |a Ερευνητικό και εκδοτικό πρόγραμμα της Γενικής Γραμματείας Νέας Γενιάς (1983-1989, 1994-2003). Το ΙΑΕΝ προσεγγίζει την ιστορική διάσταση της έννοιας νεολαία και συμβάλλει στο να προσδιοριστεί η ταυτότητα της ελληνικής νεολαίας μέσω της διερεύνησης των μηχανισμών που καθορίζουν τη σχέση των νέων γενιών με τα δημογραφικά, πολιτισμικά, κοινωνικά και ψυχολογικά συστήματα μέσα στο χρόνο. | ||
| 538 | |a Eλάχιστες απαιτήσεις συστήματος : MS Windows 98, MS Internet Explorer 5.5, 64 MB RAM. | ||
| 650 | 0 | 0 | |a Youth |z Canada. |
| 650 | 0 | 0 | |a Archives |z Greece. |
| 650 | 0 | 0 | |a Youth |x Social aspects. |
| 650 | 0 | |a Youth. | |
| 710 | 2 | |a Ιστορικό Αρχείο Ελληνικής Νεολαίας. | |
| 852 | |a INST |b LESVOS |c AV |e 20070220 |h 305.2309495 ΓΕΝ |p 005100036873 |q 005100036873 |t CDROM |y 23 | ||
| 852 | |a INST |b RHODES |c AV |e 20200917 |h 305.2309495 ΓΕΝ |p 005400041712 |q 005400041712 |t CDROM |y 23 | ||
| 901 | |a BIBL1-2007-1 | ||
| 970 | |a ΚΑΡΑ |b ΓΙΑΣΕΜΗ |z 2007/02/20 | ||